Spoločenská zodpovednosť maloobchodného reťazca bakalárska práca

Enregistré dans:
Détails bibliographiques
Auteur principal: Višniarová, Zuzana
Collectivité auteur: Obchodná fakulta EU. Katedra marketingu
Autres auteurs: Pavliková, Marta
Format: Livre
Langue:slovaque
Publié: Bratislava 2015
Tags: Ajouter un tag
Pas de tags, Soyez le premier à ajouter un tag!

MARC

LEADER 00000nbm a2200000 4500
001 0203203
005 20161212105305.8
041 0 |a slo 
044 |a SK 
245 1 0 |a Spoločenská zodpovednosť maloobchodného reťazca  |b bakalárska práca  |c Zuzana Višniarová ; školiteľ: Marta Pavliková 
264 1 |a Bratislava  |c 2015 
300 |a 56 s. 
100 1 |a Višniarová, Zuzana 
700 1 |a Pavliková, Marta 
710 2 |a Obchodná fakulta EU. Katedra marketingu